| 000 | 00718cam a22002533a 4500 | ||
|---|---|---|---|
| 001 | 10178 | ||
| 003 | PGUSA | ||
| 005 | 20140828083221.0 | ||
| 008 | 031101s2003||||xxu|||||s|||||000 | eng d | ||
| 040 |
_aPGUSA _beng |
||
| 042 | _adc | ||
| 050 | 4 | _aM | |
| 245 | 1 | 0 |
_aPiano Sonata No. 14 in C sharp minor "Moonlight" _h[electronic resource] |
| 260 |
_bProject Gutenberg, _c2003 |
||
| 500 | _aRecorded 1924. | ||
| 506 | _aPublic domain in the USA. | ||
| 516 | _aElectronic text | ||
| 653 | _aWind ensembles, Arranged | ||
| 700 | 1 |
_aBeethoven, Ludwig van, _d1770-1827 |
|
| 700 | 1 | _aBellini Ensemble Unique | |
| 830 | 0 |
_aProject Gutenberg _v10178 |
|
| 856 | 4 | 0 | _uhttp://www.gutenberg.org/ebooks/10178 |
| 942 | _cEB | ||
| 999 |
_c239433 _d239433 |
||